01021nam a22002651 450000100060000000300080000600500170001400800390003103500190007003500180008904000450010704100080015208200240016010000450018424501040022926000580033330000260039150400370041765000650045465000360051965000300055594200120058599900170059795201410061421217BD-RjUL20211209000648.0140303s1960 mnu b 001 p eng a(BD-RjUL)21281 a(OCoLC)269713 aDLCcODaWUdOCoLCdUkdDLCdBD-RjULbeng aeng a811.52091bBEO 19601 aBeach, Joseph Warren,d1880-1957.96559910aObsessive images :bsymbolism in poetry of the 1930's and 1940's /cEdited by William Van O'Connor. aMinneapolis :bUniversity of Minnesota Press,cc1960. axii, 396 p. ;c23 cm. aIncludes bibliography and index. 0aAmerican poetryy20th centuryxHistory and criticism.951744 0aSymbolism in literature.952621 0aFigures of speech.952622 2ddccBK c21217d21217 00102ddc40728FICaRUCLbRUCLcReadingd1967-11-16eZitlingerg54.00l0o811.52091 BEO 1960r2014-03-03 00:00:00tC-1w2014-03-03yBK